Establecimiento Termal de Urberuaga de Ubilla, Marquina (Vizcaya) : (Record no. 189297)

MARC details
000 -LEADER
campo de control de longitud fija 00992nam a2200181 i 4500
001 - NÚMERO DE CONTROL
campo de control 189297
003 - IDENTIFICADOR DE NÚMERO DE CONTROL
campo de control ES-MaACL
005 - FECHA Y HORA DE LA ÚLTIMA TRANSACCIÓN
campo de control 20230906223436.0
008 - DATOS DE LONGITUD FIJA--INFORMACIÓN GENERAL
campo de control de longitud fija 190522s1885 sp |||| | spa d
245 00 - MENCIÓN DEL TÍTULO
Título Establecimiento Termal de Urberuaga de Ubilla, Marquina (Vizcaya) :
Resto del título aguas nitrogenadas, bicarbonatadas : descripción del establecimiento, análisis y virtudes medicinales de las aguas, estadística terapeútica ...
260 ## - PUBLICACIÓN, DISTRIBUCIÓN, ETC.
Lugar de publicación, distribución, etc. [S.l.] :
Nombre del editor, distribuidor, etc. [s.n.],
Fecha de publicación, distribución, etc. 1885 (
Lugar de fabricación/manufactura Madrid :
Fabricante Imp. Central, a cargo de Victor Saíz)
300 ## - DESCRIPCIÓN FÍSICA
Extensión 88 p. ;
Dimensiones 21 cm.
530 ## - NOTA DISPONIBLE DE FORMULARIO FÍSICO ADICIONAL
Nota de formato físico adicional disponible Disponible en formato digital.
610 2# - PUNTO DE ACCESO ADICIONAL DE MATERIA--NOMBRE DE ENTIDAD CORPORATIVA
Nombre de entidad corporativa o nombre de jurisdicción como elemento de entrada Balneario de Urberuaga de Ubilla.
9 (RLIN) 139163
852 ## - LOCALIZACIÓN
Ubicación ES-MaACL
Número de control de estantería B-8925(13)
Nota libre .- Legado de Federico de Botella y de Hornos .- Encuadernado en un vol. facticio agrupado con el nombre en el lomo: España, geología, memorias y documentos varios 9 a 19
852 ## - LOCALIZACIÓN
Ubicación ES-MaACL
Número de control de estantería T-373-F-2
856 ## - LOCALIZACIÓN Y ACCESO ELECTRÓNICOS
Identificador Uniforme de Recursos <a href="http://bdh-rd.bne.es/viewer.vm?id=0000136987&page=1 ">http://bdh-rd.bne.es/viewer.vm?id=0000136987&page=1 </a>
Nota pública Biblioteca Digital Hispánica
Holdings
Estatus retirado Estado de pérdida Estado de daño No para préstamo Colección Biblioteca de origen Biblioteca actual Ubicación en estantería Fecha de adquisición Fuente de adquisición Total de préstamos Signatura topográfica completa Código de barras Visto por última vez Precio de reemplazo Tipo de ítem Koha
        Colección de folletos Biblioteca del Ateneo de Madrid Biblioteca del Ateneo de Madrid Depósito folletos 07/05/2005     T-373-F-2 1201866 23/02/2023 23/02/2023 Folleto
        Colección digital Biblioteca del Ateneo de Madrid Biblioteca del Ateneo de Madrid Sala Pardo Bazán 22/05/2019     B-8925(13) 1200561 23/02/2023 23/02/2023 Libro impreso antiguo